[Event "Chessable Masters by chess24-KO"]
[Site "Online"]
[Date "2020.07.03"]
[Round "3.1"]
[White "Carlsen, Magnus"]
[Black "Giri, Anish"]
[Result "0-1"]
[WhiteElo "2881"]
[BlackElo "2731"]
[Annotator "TA"]
[PlyCount "51"]
[EventDate "2020.06.20"]
[EventType "k.o."]
[SourceTitle "playchess.com"]
[Source "ChessBase"]
[SourceQuality "1"]

{[%evp 9,51,10,27,31,33,27,31,27,30,22,29,26,32,33,44,0,8,0,8,0,1,0,12,0,0,-15,0,-20,-2,-14,0,0,0,-52,-52,-55,-55,-58,-52,-276,-273,-275,-278,-595]} 1. e4 c5 2. Nf3 d6 3. Bb5+ Nd7 (3... Bd7 4. Bxd7+ Nxd7 5. O-O Ngf6 6. Qe2 e6 7. b3 Be7 8. c4 O-O 9. Bb2 Rc8 10. d4 d5 11. cxd5 exd5 12. e5 Ne4 13. Nc3 Nxc3 14. Bxc3 Qb6 15. dxc5 Nxc5 16. Bd4 Qg6 17. Bxc5 Bxc5 {½-½ (40) Carlsen,M (2870)-Giri,A (2776) Kolkata 2019}) 4. a4 Ngf6 5. Nc3 g6 6. a5 {B51: Sicilian: Moscow Variation (3 Bb5+) without 3...Bd7.} Bg7 7. O-O a6 8. Be2 {White is slightly better.} O-O 9. Re1 b5 10. axb6 $1 Bb7 11. d3 {[#]} Nxb6 $146 ({Predecessor:} 11... Qxb6 12. h3 c4 13. Ra2 cxd3 14. cxd3 Qc7 15. Bf1 e5 16. Qa4 d5 17. Qa5 Qd6 {0-1 (54) Plenca,J (2483)-Brkic,A (2593) Vinkovci 2020}) 12. e5 Nfd5 13. Nxd5 Nxd5 14. exd6 exd6 15. c3 Re8 16. Bd2 Qb6 17. Qc2 a5 18. h3 Bc6 19. d4 cxd4 20. Nxd4 Nb4 {[%mdl 64] [#] Deflection} 21. cxb4 ({White should try} 21. Qd1 $11) 21... Bxd4 $15 22. bxa5 Bxf2+ {[%mdl 64] Double Attack} 23. Kf1 Qd4 {( -> ...Bg3)} 24. Qxc6 $2 (24. Qc3 $15) 24... Bxe1 $19 25. Bxe1 {Strongly threatening Bc3.} Qxb2 {[%mdl 64] [#] Double Attack} 26. Bf3 $2 {Accuracy: White = 69%, Black = 100%.} (26. Qc3 Qxe2+ 27. Kg1) 0-1

[Event "Chessable Masters by chess24-KO"]
[Site "Online"]
[Date "2020.07.03"]
[Round "3.1"]
[White "Carlsen, Magnus"]
[Black "Giri, Anish"]
[Result "1-0"]
[WhiteElo "2881"]
[BlackElo "2731"]
[Annotator "TA"]
[PlyCount "123"]
[EventDate "2020.06.20"]
[EventType "k.o."]
[SourceTitle "playchess.com"]
[Source "ChessBase"]
[SourceQuality "1"]

{[%evp 10,123,25,1,7,0,18,11,14,4,27,0,4,0,0,0,0,0,0,-2,-10,-24,-1,0,0,-24,0,0,0,-2,0,0,0,0,8,7,26,33,44,44,44,44,44,29,45,44,44,44,95,93,93,93,110,109,107,75,91,77,91,91,106,91,98,54,59,52,104,70,80,0,0,0,0,0,0,0,0,0,12829,12830,12829,12828,12829,12829,548,0,0,0,12834,12835,12842,12843,12845,12843,12843,12844,12844,12845,12845,12845,12846,12846,12850,12847,12848,12848,12850,12848,12850,12845,12845,12846,12846,12847,12847,12847]} 1. e4 e5 2. Nf3 Nc6 3. Bb5 Nf6 4. d3 Bc5 5. Bxc6 dxc6 6. Nc3 (6. O-O {looks sharper.} Bd6 7. b3 Be6 8. Nbd2 Nd7 9. Nc4) 6... Qe7 {C48: Four Knights: 4 Bb5, replies other than 4...Bb4.} 7. h3 b6 {[#]} 8. a3 $146 ({Predecessor:} 8. O-O h6 9. b3 g5 10. Nh2 Bd4 11. Bb2 h5 12. a4 g4 13. hxg4 Nxg4 14. Ra2 {0-1 (33) Lesniak,K (1282)-Gorny,J Poland 2016}) 8... h6 {The position is equal.} 9. Qe2 (9. O-O {with more complications.} O-O 10. Nh4 a5 11. Qf3 Re8 12. Na4) 9... Bd7 (9... O-O {is more complex.} 10. Be3 Bd6 11. Nd2 Be6 12. Qf3 a5) 10. Be3 Bxe3 11. fxe3 O-O-O 12. Qf2 Ne8 13. Qg3 f6 14. Nh4 Rg8 15. Nf5 Bxf5 (15... Qf8 {is interesting.} 16. O-O-O g6 17. Nh4 Nd6 18. Rhf1 Qg7) 16. exf5 Nd6 17. e4 Qf7 18. Qf2 g6 19. fxg6 Qxg6 20. g4 h5 21. O-O-O hxg4 22. hxg4 Qxg4 23. Qxf6 Qg5+ 24. Qxg5 Rxg5 25. a4 a5 26. Rdg1 Rdg8 27. Rxg5 Rxg5 $14 {[%mdl 4096] Endgame KRN-KRN} 28. Nb1 b5 (28... Kd7 $14) 29. Nd2 $16 Rg3 30. b3 bxa4 31. bxa4 c5 32. Nf1 Rf3 33. Kd1 c4 34. Ke2 Rf7 35. Nd2 Rg7 36. Kf3 ({Of course not} 36. Nxc4 $6 Nxc4 37. Rh8+ (37. dxc4 Rg2+ 38. Kd1 Rg4 $11) 37... Kb7 $11) (36. dxc4 $6 Rg2+ 37. Kd1 Rg4 $11) 36... Kd7 37. Rh5 Rg1 (37... Ke6 $14) 38. Rxe5 Rc1 $1 39. Nxc4 (39. Rd5 $16 Kc6 40. Rd4 (40. Nxc4 Nxc4 41. dxc4 Rxc2 $16) (40. dxc4 Rxc2 41. Kf4 Nxc4 $16)) 39... Nxc4 $11 40. dxc4 {Threatens to win with Rd5+.} Rxc2 41. Rxa5 Rxc4 $16 {KR-KR} 42. Rd5+ Ke6 43. a5 {[%cal Ba4a5,Ba5a6][%mdl 32]} Rc1 $2 {[%mdl 8192]} (43... Ra4 $11) 44. Rd8 $1 $18 Rf1+ 45. Ke2 Ra1 46. Ra8 $1 Kd6 47. a6 $1 {Black must now prevent e5+!} Kc6 $1 48. Ke3 {aiming for e5.} Re1+ $2 {[%mdl 8192] [#]} (48... Rf1 $11) 49. Kf4 $1 {[%cal Rf4f5] White is clearly winning.} Kb6 50. e5 c5 51. Rc8 Rf1+ 52. Kg5 Rg1+ 53. Kf6 Rf1+ 54. Ke7 Rc1 55. e6 c4 56. Kd7 Rd1+ {[#]} 57. Ke8 $1 Rc1 58. e7 c3 59. Kf7 Rf1+ 60. Kg6 Rg1+ 61. Kf5 Rf1+ 62. Kg4 {Accuracy: White = 93%, Black = 92%.} 1-0

[Event "Chessable Masters by chess24-A"]
[Site "Online"]
[Date "2020.06.18"]
[Round "3.1"]
[White "Dubov, Daniil"]
[Black "Harikrishna, Pentala"]
[Result "1-0"]
[WhiteElo "2770"]
[BlackElo "2690"]
[Annotator "TA"]
[PlyCount "119"]
[EventDate "2020.06.20"]
[EventType "tourn"]
[SourceTitle "playchess.com"]
[Source "ChessBase"]
[SourceQuality "1"]

{[%evp 17,119,31,29,30,34,33,36,31,52,37,41,29,29,28,28,24,27,29,39,0,10,9,10,13,16,10,13,15,14,17,25,12,16,21,14,15,19,15,19,17,18,18,23,23,46,22,24,25,47,41,114,62,56,66,89,68,48,36,36,36,35,33,33,33,33,33,33,33,33,33,33,33,33,33,364,406,934,703,1233,1266,1564,1513,5374,1152,873,0,5333,5182,5327,5203,5374,5335,5258,5129,4602,4110,4084,4077,29961,29959,29952,29941,11900,7969]} 1. d4 Nf6 2. c4 e6 3. Nf3 b6 4. g3 Ba6 5. Qc2 Bb7 6. Bg2 c5 7. O-O cxd4 8. Nxd4 Bxg2 9. Kxg2 Qc8 10. e4 {E15: Queen's Indian: 4 g3 sidelines, 4 g3 Ba6 and 4 g3 Bb7 early deviations.} d6 11. Rd1 a6 {[#]} 12. Qe2 $146 {White is slightly better.} ({Predecessor:} 12. b3 Be7 13. Nc3 O-O 14. Bf4 Qb7 15. Nf3 b5 16. Bxd6 Bxd6 17. Rxd6 b4 18. Na4 Qxe4 19. Qxe4 Nxe4 {½-½ (53) Safin,R (2121)-Dimitrova,A (2233) Moscow 2018}) 12... Nbd7 13. Nc3 Be7 14. Nf3 O-O 15. Bf4 Qc7 16. Rac1 Rac8 17. b3 h6 18. e5 {[%cal Re5d6]} dxe5 19. Nxe5 Qb7+ 20. Qf3 Qxf3+ 21. Kxf3 Rfd8 22. Nxd7 Nxd7 23. Ke2 Kf8 24. Rd3 Nc5 25. Rxd8+ Bxd8 26. Be3 Be7 27. g4 Ke8 28. f3 Bg5 29. f4 Be7 30. f5 Rc6 31. fxe6 fxe6 32. h3 Bf6 33. b4 Bxc3 (33... Nd7 $14) 34. Rxc3 $14 {[%mdl 4096] Endgame KRB-KRN} (34. bxc5 $16 Ba5 35. cxb6 Bxb6 36. c5) 34... Ne4 35. Rc1 Kd7 36. a4 e5 37. b5 axb5 38. axb5 Rf6 39. Ra1 {aiming for Ra7+.} Ng3+ $1 40. Kd3 Rf3 41. Ra7+ Kc8 42. Rxg7 {[#] And now Rh7 would win.} Nf1 43. Ke2 Rxe3+ 44. Kxf1 {Strongly threatening Rh7.} Rxh3 {KR-KR} 45. Rg6 {Black must now prevent Kg2.} Rc3 $2 {[%mdl 8192] White leaves nothing to chance now.} ({Black should try} 45... Kc7 $14) 46. Rxh6 $18 ({Stronger than} 46. Rxb6 Rxc4 47. Rg6 Rb4 $11) 46... Kd7 (46... Kb7 $142 47. g5 Rf3+ 48. Kg2 Rf5) 47. Rc6 Ke7 48. Ke2 e4 49. g5 Kf7 50. Kd2 (50. Rxb6 $142 Rxc4 51. Rb8) 50... Rd3+ 51. Ke2 (51. Ke1 $142 Re3+ {[#]} 52. Kf2 $1 {[%mdl 512]} Rf3+ 53. Ke2) 51... Rc3 52. Rxb6 Rxc4 53. Ke3 Rb4 54. Rf6+ Kg7 55. b6 {[%cal Bb5b6,Bb6b7][%mdl 32]} Kh7 56. Kf4 Kg7 57. Rc6 Kf7 58. Rc7+ Kg6 59. b7 Kh5 60. Rg7 {Accuracy: White = 89%, Black = 68%.} 1-0

[Event "Chessable Masters by chess24-KO"]
[Site "Online"]
[Date "2020.07.03"]
[Round "3.1"]
[White "Giri, Anish"]
[Black "Carlsen, Magnus"]
[Result "1/2-1/2"]
[WhiteElo "2731"]
[BlackElo "2881"]
[Annotator "TA"]
[PlyCount "107"]
[EventDate "2020.06.20"]
[EventType "k.o."]
[SourceTitle "playchess.com"]
[Source "ChessBase"]
[SourceQuality "1"]

{[%evp 19,107,-11,0,-1,0,0,0,-9,21,8,13,18,10,17,27,-127,-130,-135,-67,-48,-67,-65,-19,-157,-154,-158,-137,-221,-228,-213,-47,-57,-47,-56,-56,-81,-68,-92,-94,-208,-116,-135,-122,-137,-115,-119,-49,-43,-8,-8,-8,-8,-19,-19,0,0,0,0,0,0,0,0,0,0,0,0,0,0,0,0,0,-8,-8,-8,-8,-8,-8,-8,-8,-8,-8,-8,-8,-8,0,-8,0,-8,0,-8]} 1. d4 d5 2. c4 e6 3. Nf3 c6 4. Nbd2 Nf6 5. g3 Be7 6. Bg2 O-O 7. O-O b6 8. Qc2 Bb7 9. e4 Na6 10. e5 Nd7 11. a3 {E06: Closed Catalan: Early deviations.} Nc7 {[#]} 12. cxd5 $146 ({Predecessor:} 12. b3 Qb8 13. Bb2 Rc8 14. Rfd1 a5 15. Nf1 c5 16. Ne3 b5 17. a4 bxc4 18. bxc4 dxc4 19. Nxc4 {0-1 (34) Zherebukh,Y (2606)-Kovalyov,A (2608) New York 2016}) 12... Nxd5 13. Ne4 h6 14. g4 c5 15. g5 $1 cxd4 16. gxh6 g6 17. Neg5 $2 (17. Re1 $11) 17... Rc8 $1 $36 {[%cal Rc8c2][%mdl 2048] Black is on the roll.} 18. Qd1 {[#]} Ba6 (18... d3 $1 $17 {[%mdl 512]} 19. h4 (19. Qxd3 Rxc1) 19... Qc7 20. Qxd3 Nxe5) 19. Re1 $15 d3 20. h4 Nc5 21. Nd4 {[#]} (21. Ne4 $11) 21... Nf4 $1 $17 {[%cal Rf4g2][%mdl 512]} 22. Bxf4 {Threatens to win with Nc6.} Qxd4 {[%mdl 64] Double Attack} 23. Qg4 (23. Be3 $17 Qxb2 24. f4) 23... d2 $19 (23... Qxb2 24. Rad1 $15) 24. Red1 {[#]} Nd3 $2 ({Stronger than} 24... Qxb2 25. Rab1 $15) ({Black should play} 24... Be2 $1 $19 {[%cal Re2g4][%mdl 512]} 25. Qxe2 Qxf4 {[%mdl 64] Double Attack} 26. Qxd2 Qxd2 27. Rxd2 Nb3) 25. Ne4 $15 Nxf4 26. Qxf4 Qxb2 27. Rab1 {[#]} Qc2 $1 {Strongly threatening ...Be2.} ({Wrong is} 27... Qxa3 $2 28. Ra1 $18) 28. Nf6+ Kh8 {And now ...Be2 would win.} 29. Be4 (29. Qxd2 $17 {keeps fighting.} Qxd2 30. Rxd2) 29... Bd3 (29... Rc4 $19 {aiming for ...Rd8.} 30. Qf3 {[#]} Rxe4 $1 {[%mdl 512]} 31. Qxe4 Bd3) 30. Bxd3 $17 Qxd3 31. Qxd2 Qxd2 32. Rxd2 Rc7 ({But not} 32... Bxa3 $6 33. Rd7 $15) (32... Rc3 $17 33. Ra1 Rc4) 33. Rbd1 $1 $15 Bxf6 34. exf6 {[%mdl 4096] Endgame KRR-KRR. The position is equal.} Kh7 35. Rd8 Rxd8 36. Rxd8 $11 {KR-KR} a5 37. Kg2 e5 38. Rf8 b5 39. Rb8 b4 40. axb4 axb4 41. Rxb4 Rc6 42. Re4 Re6 43. Kg3 Kxh6 44. f3 g5 45. hxg5+ Kxg5 46. f4+ exf4+ 47. Rxf4 Re3+ 48. Rf3 Rxf3+ 49. Kxf3 Kxf6 {KP-K} 50. Kf4 Kg6 51. Kg4 Kf6 (51... f6 $5) 52. Kf4 Kg6 (52... Ke6 $5 53. Ke4 $8 f6 $11) 53. Kg4 Kf6 {( -> ...Ke5)} 54. Kf4 {Accuracy: White = 75%, Black = 73%.} 1/2-1/2

[Event "Chessable Masters by chess24-KO"]
[Site "Online"]
[Date "2020.07.03"]
[Round "3.2"]
[White "Carlsen, Magnus"]
[Black "Giri, Anish"]
[Result "1/2-1/2"]
[WhiteElo "2881"]
[BlackElo "2731"]
[Annotator "TA"]
[PlyCount "81"]
[EventDate "2020.06.20"]
[EventType "k.o."]
[SourceTitle "playchess.com"]
[Source "ChessBase"]
[SourceQuality "1"]

{[%evp 9,81,8,4,-18,-13,-11,0,0,0,-19,-7,-17,-17,-21,-16,-16,-16,-17,-16,-22,-22,-15,-13,-17,-16,-22,-23,-27,-26,-22,-20,-22,-26,-36,-31,-60,-16,-37,-6,-42,-47,-83,-47,-103,-95,-97,-102,-104,-96,-123,-106,-98,-58,-58,-53,-74,-53,-50,-50,-53,-16,-57,-58,-59,-33,-33,-35,-28,0,-22,0,-20,0,-27]} 1. c4 e5 2. Nc3 Nf6 3. Nf3 Nc6 4. e4 Bb4 5. d3 d6 6. h3 {A28: English Opening: Four Knights Variation.} (6. Be2 Bg4 7. a3 Bc5 8. b4 Bb6 9. Be3 Bxf3 10. Bxf3 Nd4 11. Na4 Nxf3+ 12. Qxf3 Bxe3 13. Qxe3 O-O 14. O-O Re8 15. Nc3 a5 {½-½ (36) Carlsen,M (2882)-Giri,A (2779) Saint Louis 2019}) 6... Bc5 7. Be2 Nd4 8. Rb1 a5 9. a3 {[#]} h6 $146 ({Predecessor:} 9... c6 10. O-O Nxf3+ 11. Bxf3 Bd4 12. Ne2 Bb6 13. b4 O-O 14. Bg5 h6 15. Bd2 axb4 16. axb4 {1-0 (34) Roxo,A (1882)-Mouquinho,J (1510) Lisbon 2015}) 10. b4 axb4 11. axb4 Bb6 12. O-O O-O 13. Be3 Nxf3+ 14. Bxf3 Bxe3 15. fxe3 Be6 16. Qd2 c6 17. Ra1 Qb6 18. b5 Rfb8 19. Rfb1 Qd8 20. Rxa8 Rxa8 21. bxc6 bxc6 22. Nd1 Ra3 23. Nf2 g6 24. d4 Qc7 ({Worse is} 24... Bxc4 25. Qb4 $16) 25. d5 Bd7 26. Kh2 ({Better is} 26. c5 $15) 26... cxd5 $17 27. cxd5 Kg7 28. Nd1 h5 29. Qc1 Qa5 30. Rb7 h4 31. Qb2 $1 Ra4 32. Qc3 Qxc3 (32... Qa6 {with more complications.} 33. Rb2 Qa7 34. Rb4 Ra2 35. Rb2 Nh7) 33. Nxc3 Ra3 34. Nd1 Kf8 35. Rb6 Ke7 36. Rb7 g5 37. Nf2 Kd8 38. Rb8+ Ke7 39. Rb7 {The position is equal.} Kd8 40. Rb8+ $1 Ke7 41. Rb7 {Accuracy: White = 79%, Black = 84%.} 1/2-1/2

[Event "Chessable Masters by chess24-KO"]
[Site "Online"]
[Date "2020.07.03"]
[Round "3.2"]
[White "Carlsen, Magnus"]
[Black "Giri, Anish"]
[Result "1-0"]
[WhiteElo "2881"]
[BlackElo "2731"]
[Annotator "TA"]
[PlyCount "67"]
[EventDate "2020.06.20"]
[EventType "k.o."]
[SourceTitle "playchess.com"]
[Source "ChessBase"]
[SourceQuality "1"]

{[%evp 26,67,35,4,18,0,0,0,0,0,0,-2,-11,-2,0,0,9,0,33,42,19,0,36,37,68,58,172,176,162,166,242,231,241,231,12840,12840,29976,29977,29976,29977,29981,29982,29991,29978]} 1. d4 Nf6 2. c4 e6 3. Nf3 d5 4. Nc3 c5 5. cxd5 Nxd5 6. e4 Nxc3 7. bxc3 cxd4 8. cxd4 Bb4+ 9. Bd2 Bxd2+ 10. Qxd2 O-O 11. Bc4 Nd7 12. O-O b6 13. Rad1 Bb7 14. Rfe1 Rc8 {D41: Queen's Gambit Declined: Semi-Tarrasch with 5 cxd5.} 15. Bb3 Re8 16. Re3 $5 {[%mdl 4] Exploring less charted territory.} Nf6 {[#] The position is equal.} 17. d5 $146 ({Predecessor:} 17. Qd3 b5 18. d5 exd5 19. e5 Ne4 20. Qxb5 Qb6 21. Qxb6 axb6 22. h4 h6 23. Bxd5 Bxd5 24. Rxd5 {½-½ (35) So,W (2788)-Dominguez Perez,L (2739) Saint Louis 2017}) 17... exd5 18. e5 Ne4 19. Qe1 {Threatens to win with Rxe4!} Qc7 20. Nd4 a6 21. h4 Rcd8 22. f3 {[%mdl 1024] White has compensation.} Nc5 23. h5 Ne6 24. Nf5 d4 25. Red3 Nc5 (25... Bd5 $14) 26. Rxd4 $18 Rxd4 27. Rxd4 {Black must now prevent Qg3!} Nxb3 {[#]} (27... Bc8 {was called for.} 28. Nd6 {[%mdl 64] Double Attack} Rf8) 28. Qg3 $1 {[%csl Gf5][%cal Rg3g7][%mdl 512]} g6 29. axb3 $40 {[%mdl 128] White has strong attack.} Rd8 $2 {[#]} (29... Bc8) 30. e6 $1 {[%mdl 512]} Qc1+ (30... fxe6 31. Qxc7) 31. Kh2 {[%cal Rd4d8] White mates.} Rxd4 32. e7 {[%cal Re7e8]} Qc8 33. Qe5 {[%cal Rf5h6]} Rh4+ 34. Kg3 {Accuracy: White = 100%, Black = 39%.} 1-0

[Event "Chessable Masters by chess24-A"]
[Site "Online"]
[Date "2020.06.18"]
[Round "3.2"]
[White "Nakamura, Hikaru"]
[Black "Artemiev, Vladislav"]
[Result "1/2-1/2"]
[WhiteElo "2829"]
[BlackElo "2769"]
[Annotator "TA"]
[PlyCount "29"]
[EventDate "2020.06.20"]
[EventType "tourn"]
[SourceTitle "playchess.com"]
[Source "ChessBase"]
[SourceQuality "1"]

{[%evp 15,29,4,10,14,16,23,17,0,16,2,37,0,24,0,28,0]} 1. c4 c6 2. d4 d5 3. cxd5 cxd5 4. Nc3 Nf6 5. Bf4 Nc6 6. e3 a6 7. Be2 Bf5 8. Nf3 e6 9. O-O {D13: Slav Defence: Exchange variation without ...Bf5.} Be7 10. Rc1 O-O 11. Na4 {[#] The position is equal.} Nh5 $5 $146 {[%mdl 8] An interesting novelty.} ({Predecessor:} 11... Nd7 12. Nc5 Nxc5 13. dxc5 Rc8 14. Nd4 Be4 15. f3 Bg6 16. Qd2 Re8 17. b4 e5 18. Nxc6 Rxc6 19. Bxe5 Bxc5 20. Rxc5 Rxe5 21. Rxc6 bxc6 {½-½ (59) Bozyaka,A (1658)-Advait,B (1995) Antalya 2019}) 12. Be5 Nf6 (12... f6 $5 {[%cal Rf6e5]} 13. Bg3 Nxg3 14. hxg3 Rc8 $11) 13. Bf4 Nh5 14. Be5 Nf6 15. Bf4 {An uneventful encounter.} 1/2-1/2

[Event "Chessable Masters by chess24-KO"]
[Site "Online"]
[Date "2020.07.03"]
[Round "3.2"]
[White "Giri, Anish"]
[Black "Carlsen, Magnus"]
[Result "1/2-1/2"]
[WhiteElo "2731"]
[BlackElo "2881"]
[Annotator "TA"]
[PlyCount "88"]
[EventDate "2020.06.20"]
[EventType "k.o."]
[SourceTitle "playchess.com"]
[Source "ChessBase"]
[SourceQuality "1"]

{[%evp 14,88,12,8,19,16,17,16,8,15,14,12,25,23,31,12,259,0,0,0,0,0,0,-41,-41,-49,-11,-12,-10,-12,-11,-13,-8,-9,-8,-13,-11,-8,-8,-44,-47,-30,-13,-10,-8,-8,0,0,0,0,0,0,0,0,8,8,8,8,8,8,8,8,8,8,8,0,8,0,0,0,0,-8,-8,-8,-8,-8,0]} 1. d4 Nf6 2. c4 g6 3. Nc3 d5 4. cxd5 Nxd5 5. Bd2 Bg7 6. e4 Nxc3 7. Bxc3 O-O 8. Qd2 c5 {[%cal Rc5d4] D85: Exchange Grünfeld: Unusual White 7th moves and lines with 7 Nf3.} 9. d5 e6 10. Bc4 Bxc3 11. bxc3 exd5 12. Bxd5 Nd7 13. Nf3 Nb6 14. O-O {[#]} Be6 $146 {[#]} (14... Qf6 $11 {and Black stays safe.}) ({Predecessor:} 14... Nxd5 15. exd5 Qf6 16. Rfe1 Bf5 17. Rad1 Rfe8 18. Rxe8+ Rxe8 19. d6 b6 20. h4 Bg4 {0-1 (34) Martinez Martin,D (2388)-Duda,J (2734) chess24.com INT 2019}) 15. Bxe6 $2 ({Less strong is} 15. Bxb7 Rb8 $14) ({White must play} 15. Qh6 $1 $18 {Ng5! is the strong threat.} Re8 16. Ng5 (16. Bxb7 Rb8 $16) 16... Bxd5 17. exd5) 15... Qxd2 $11 {[#]} 16. Bxf7+ $1 {[%mdl 512]} Rxf7 17. Nxd2 Rd8 18. Nb3 c4 $1 {[%cal Rc4b3][%mdl 1024] Black has compensation.} 19. Nc5 Re8 {And now ...Rc7 would win.} (19... Rc8 $5 20. Ne6 $8 Re7 $11) 20. a4 $1 {[%cal Ba2a4,Ba4a5][%mdl 32]} Rc7 21. a5 Nc8 22. Na4 Rxe4 23. Rfe1 Rxe1+ 24. Rxe1 {[%mdl 4096] Endgame KRN-KRN} b5 25. axb6 $1 axb6 26. g4 b5 27. Nb2 Kf7 28. Re5 {The position is equal.} Nd6 29. Kg2 Re7 30. Rxe7+ $1 Kxe7 {KN-KN} 31. f4 h5 (31... Ne4 $5 32. Nd1 $8 Kd6 $11) 32. h3 hxg4 33. hxg4 {[#]} g5 $1 {[%mdl 512]} 34. Kf3 (34. fxg5 Ne4) 34... Kf6 35. Nd1 gxf4 36. Kxf4 Nc8 37. Ne3 Nb6 38. g5+ Kg6 39. Kg4 Nd7 40. Kf4 Nc5 41. Ke5 Kxg5 {[#]} 42. Nxc4 $1 {[%mdl 512]} bxc4 {[#]} 43. Kd4 $1 {[%mdl 512]} Na4 {White must now prevent ...Nb2.} 44. Kxc4 Nxc3 {Accuracy: White = 89%, Black = 89%.} 1/2-1/2

[Event "Chessable Masters by chess24-A"]
[Site "Online"]
[Date "2020.06.18"]
[Round "3.3"]
[White "Carlsen, Magnus"]
[Black "Grischuk, Alexander"]
[Result "1/2-1/2"]
[WhiteElo "2881"]
[BlackElo "2784"]
[Annotator "TA"]
[PlyCount "107"]
[EventDate "2020.06.20"]
[EventType "tourn"]
[SourceTitle "playchess.com"]
[Source "ChessBase"]
[SourceQuality "1"]

{[%evp 15,107,0,0,0,0,0,0,0,5,4,12,0,7,0,0,0,0,0,0,0,0,0,0,-2,0,-14,-17,-107,-111,-108,-112,-112,-121,-113,-117,-105,-97,-96,-89,-83,-93,-102,-91,-229,-238,-222,-237,-220,-233,-235,-235,-262,-260,-392,-238,-593,-593,-593,-588,-563,-492,-472,-406,-467,-466,-462,-459,-659,-473,-466,-466,-459,-8,-8,0,0,0,0,3,0,12,0,0,0,24,24,24,24,24,24,24,24,24,24]} 1. d4 Nf6 2. c4 e6 3. Nc3 Bb4 4. Nf3 O-O 5. Bg5 c5 6. e3 cxd4 7. exd4 d5 8. cxd5 exd5 9. Be2 {B14: Caro-Kann: Panov-Botvinnik Attack with 5...e6 and 5...g6.} h6 10. Bxf6 Qxf6 11. O-O {The position is equal.} Bxc3 12. bxc3 Nc6 {[#]} 13. Nd2 $146 ({Predecessor:} 13. Re1 b6 14. Nd2 Be6 15. Nf1 Rac8 16. Ne3 Ne7 17. Rc1 Ng6 18. g3 Rc7 19. f4 {1-0 (92) Mamedyarov,S (2800)-Nakamura,H (2785) Paris 2017}) 13... Be6 14. Re1 Rfc8 15. Nf1 Na5 16. Rc1 Nc4 17. Qb3 b6 18. Bxc4 Rxc4 19. Ne3 Rc6 20. Qa3 Qd8 21. c4 (21. g3 $11) 21... dxc4 $17 22. d5 Bxd5 23. Rcd1 Rc5 24. Qc3 Qd7 25. Rd4 {Black must now prevent Red1.} Re8 26. Red1 {[%cal Re3d5] [#]} Rxe3 $1 27. Qxe3 c3 28. f3 Qc6 29. Qd3 (29. Rc1 $17 {was called for.}) 29... c2 $19 30. Rc1 Rc3 31. Qf5 Qe8 $1 {[%cal Re8e3] ( -> ...Qe3+!)} 32. Qf4 Bxa2 33. Qd2 Qc6 34. Ra4 (34. Rd8+ $142 Kh7 35. Rd3) 34... Qc5+ (34... Qxa4 35. Qxc3 Bb3 36. Qc8+ Kh7 37. Qc3 $19) 35. Kh1 $2 (35. Qf2 {is a better chance.} Qd5 36. Qd4 Qxd4+ 37. Rxd4) 35... Be6 36. Rxa7 b5 {[%cal Bb6b5,Bb5b4][%mdl 32]} 37. Ra5 {White hopes to continue with Rxb5!} Rc4 38. h3 (38. Ra8+ Kh7 $19) 38... Qc6 39. Qd8+ Kh7 40. Qd3+ {[#]} ({Inferior is} 40. Ra8 Qc5 $19) 40... g6 $1 41. Qd8 (41. Ra2 $142 Bf5 42. Qd8) 41... b4 {aiming for ...Qc7.} 42. Ra8 {[%csl Ga8][%cal Rd8h8] [#]} Bc8 $1 43. Rb8 Kg7 $2 (43... Qd7 $19 44. Qf6 (44. Qf8 $2 Rc7 $19) 44... Kg8) 44. Rb6 $1 $132 {[%cal Rb6c6][%mdl 2048] White puts up resistance} Qc7 45. Qxc7 Rxc7 46. Rxb4 {[%mdl 4096] Endgame KRR-KRB} g5 47. g4 {Rb2 is the strong threat.} Rc3 48. Kg2 {Hoping for Rb2.} Bd7 49. Rb2 Bc6 50. Rbxc2 {White has an edge.} ({Don't do} 50. Rcxc2 $6 Bxf3+ 51. Kf2 Ra3 $16) 50... Bxf3+ 51. Kg3 Rxc2 52. Rxc2 Bd5 53. Rc5 Be6 54. h4 {And White is the lucky defender. Accuracy: White = 69%, Black = 87%.} 1/2-1/2